LEADER 00893nam a2200265 i 4500 001 991003196279707536 005 20020503184651.0 008 010315s1962 it ||| | ita 035 $ab10471121-39ule_inst 035 $aEXGIL116722$9ExL 040 $aBiblioteca Interfacoltà$bita 082 0 $a370.109 100 1 $aViotto, Piero$0160067 245 10$aJacques Maritain /$cPiero Viotto 250 $a2. ed 260 $aBrescia :$bLa Scuola,$c1962 300 $a167 p. ;$c19 cm. 490 0 $aPedagogisti ed educatori 650 4$aMaritain, Jacques$xPensiero pedagogico 907 $a.b10471121$b21-02-17$c27-06-02 912 $a991003196279707536 945 $aLE002 A Ped. I E 28 bis$g1$i2002000049834$lle002$o-$pE0.00$q-$rl$s- $t0$u0$v0$w0$x0$y.i1054463x$z27-06-02 996 $aJacques Maritain$9146476 997 $aUNISALENTO 998 $ale002$b01-01-01$cm$da $e-$fita$git $h0$i1 LEADER 01449nas 22004332a 450 001 996297336503316 005 20240413012537.0 035 $a(CKB)991042754058246 035 $a(CONSER)sn-98000929- 035 $a(EXLCZ)99991042754058246 100 $a19980701a19989999 --- - 101 0 $aeng 181 $ctxt$2rdacontent 182 $cc$2rdamedia 183 $acr$2rdacarrier 200 00$aCountry review$iGeorgia 210 $aHouston, TX $cCommercial Data International 215 $a1 online resource 311 08$aPrint version: Country review. 1520-1821 (DLC)sn 98000929 (OCoLC)39378554 517 3 $aGeorgia 606 $aEcology$2fast$3(OCoLC)fst00901476 606 $aEconomic history$2fast$3(OCoLC)fst00901974 606 $aPolitics and government$2fast$3(OCoLC)fst01919741 606 $aSocial conditions$2fast$3(OCoLC)fst01919811 607 $aGeorgia$xEconomic conditions$y1951-$vPeriodicals 607 $aGeorgia$xEnvironmental conditions$vPeriodicals 607 $aGeorgia$xPolitics and government$y1951-$vPeriodicals 607 $aGeorgia$xSocial conditions$vPeriodicals 607 $aGeorgia$2fast 608 $aPeriodicals.$2fast 615 7$aEcology. 615 7$aEconomic history. 615 7$aPolitics and government. 615 7$aSocial conditions. 906 $aJOURNAL 912 $a996297336503316 920 $aexl_impl conversion 996 $aCountry review$92425273 997 $aUNISA